[Event "Sousse BICA op 1st"]
[Site "Sousse"]
[Date "2021.12.29"]
[Round "8"]
[White "Rekik, Ismail"]
[Black "Najjar, Seifeddine"]
[Result "1-0"]
[WhiteElo "1920"]
[BlackElo "1620"]
[PlyCount "114"]
[EventDate "2021.12.24"]
[EventType "swiss"]
[EventRounds "9"]
[EventCountry "TUN"]
[SourceTitle "CBM 205 Extra"]
[Source "ChessBase"]
[SourceDate "2022.01.31"]
[SourceVersion "1"]
[SourceVersionDate "2022.01.31"]
[SourceQuality "1"]

1. c4 c6 2. Nf3 d5 3. b3 Nf6 4. Bb2 Bf5 5. g3 e6 6. Bg2 Bc5 7. 0-0 Nbd7 8. d3 0-0 9. Nbd2 h6 10. Rc1 Qe7 11. Rc2 Rfe8 12. Qa1 Ba3 13. Bc3 Bb4 14. Bxb4 Qxb4 15. c5 Nxc5 16. a3 Qb6 17. Nd4 Bg6 18. b4 Ncd7 19. N4b3 Rac8 20. Rb1 Qc7 21. Rbc1 Nb8 22. Na5 Re7 23. Ndb3 Qd6 24. Qd4 b6 25. Nc4 Qd8 26. Ne5 Rec7 27. Nxg6 fxg6 28. Qe5 Qe8 29. Bh3 Kf7 30. Nd4 Re7 31. a4 g5 32. f3 Qd7 33. f4 g4 34. Bxg4 Nxg4 35. Qh5+ g6 36. Qxg4 Qd6 37. Nf3 Nd7 38. b5 c5 39. e4 d4 40. e5 Qd5 41. Nd2 Kg7 42. Nc4 Rf8 43. h4 h5 44. Qe2 Qa8 45. Qg2 Qd8 46. Qc6 Nb8 47. Qg2 Rc7 48. Rf1 Qe7 49. Rcf2 Rd7 50. Kh2 Rd5 51. Kh3 Rh8 52. f5 gxf5 53. Rxf5 Nd7 54. Rg5+ Kh6 55. Qe4 Qe8 56. Nd6 Rxe5 57. Rxe5 Qd8 1-0

[Event "Sousse BICA op 1st"]
[Site "Sousse"]
[Date "2021.12.25"]
[Round "2"]
[White "Najjar, Seifeddine"]
[Black "Abdulrahman Mohammad, Al Taher"]
[Result "0-1"]
[WhiteElo "1620"]
[BlackElo "1894"]
[PlyCount "138"]
[EventDate "2021.12.24"]
[EventType "swiss"]
[EventRounds "9"]
[EventCountry "TUN"]
[SourceTitle "CBM 205 Extra"]
[Source "ChessBase"]
[SourceDate "2022.01.31"]
[SourceVersion "1"]
[SourceVersionDate "2022.01.31"]
[SourceQuality "1"]

1. c4 e6 2. g3 d5 3. cxd5 exd5 4. d4 Nf6 5. Bg2 Be7 6. Nc3 0-0 7. Bg5 c6 8. e3 Bf5 9. Nge2 Nbd7 10. 0-0 Re8 11. Rc1 h6 12. Bxf6 Nxf6 13. Nf4 Bd6 14. Nd3 Ne4 15. Nxe4 Bxe4 16. Nc5 Bxg2 17. Kxg2 Qe7 18. Qf3 Rac8 19. Rc3 g5 20. Rfc1 a5 21. Qf5 Bxc5 22. Rxc5 Ra8 23. R1c3 Kg7 24. Ra3 a4 25. Qc2 Qe4+ 26. Qxe4 Rxe4 27. b3 axb3 28. Rxb3 Rxa2 29. Rcc3 Re7 30. Rb6 f5 31. h3 Kf6 32. Rcb3 Ra7 33. Kf3 h5 34. h4 g4+ 35. Ke2 Ke6 36. Rb2 Kd6 37. Kd3 Kc7 38. Kc3 Re8 39. Kc2 Rb8 40. Kc3 Ra3+ 41. Kc2 Ra6 42. Rxa6 bxa6 43. Ra2 Rb6 44. Ra5 Kb7 45. Kc3 Rb5 46. Ra2 Kb6 47. f3 Rb1 48. Rf2 Rg1 49. fxg4 fxg4 50. Rf5 Rxg3 51. Kd3 a5 52. Rxh5 a4 53. Rh8 Rh3 54. Ra8 Kb5 55. Rb8+ Ka5 56. Rc8 a3 57. Ra8+ Kb4 58. Rb8+ Ka4 59. Ra8+ Kb3 60. Rb8+ Ka2 61. Rb6 Rxh4 62. Rxc6 Rh2 63. Rg6 Kb2 64. Rb6+ Ka1 65. Rg6 a2 66. Rxg4 Kb2 67. Rg1 a1Q 68. Rxa1 Kxa1 69. e4 Rh3+ 0-1

[Event "Sousse BICA U16 op 1st"]
[Site "Sousse"]
[Date "2021.12.21"]
[Round "7"]
[White "Kolsi, Mohamed Aziz"]
[Black "Najjar, Seifeddine"]
[Result "0-1"]
[WhiteElo "1232"]
[BlackElo "1620"]
[PlyCount "153"]
[EventDate "2021.12.18"]
[EventType "swiss"]
[EventRounds "9"]
[EventCountry "TUN"]
[SourceTitle "CBM 205 Extra"]
[Source "ChessBase"]
[SourceDate "2022.01.31"]
[SourceVersion "1"]
[SourceVersionDate "2022.01.31"]
[SourceQuality "1"]

1. e4 e5 2. Nf3 Nc6 3. Bc4 Bc5 4. c3 d6 5. h3 Nf6 6. d4 exd4 7. cxd4 Bb4+ 8. Bd2 Bxd2+ 9. Nbxd2 0-0 10. 0-0 d5 11. exd5 Nxd5 12. Re1 Nb6 13. b3 Nxd4 14. Nxd4 Qxd4 15. Nf3 Qxd1 16. Raxd1 Nxc4 17. bxc4 Be6 18. Rc1 c5 19. Ng5 Bf5 20. Re5 Bd3 21. Rxc5 Rac8 22. Rb5 b6 23. Rb4 Rc5 24. Rc3 Bf5 25. a4 Rfc8 26. Nf3 Be6 27. Nd2 R8c6 28. Kf1 Kf8 29. Ke2 Re5+ 30. Re3 Rec5 31. Rc3 Ke7 32. Kd3 Bf5+ 33. Ke2 Kd7 34. Rb5 Kd6 35. Nb3 Re5+ 36. Rxe5 Kxe5 37. Re3+ Kf6 38. Rf3 Re6+ 39. Kd2 Rd6+ 40. Kc3 Ke5 41. Re3+ Kf6 42. Rf3 Kg6 43. Kb4 a5+ 44. Kb5 Bd7+ 45. Ka6 Bxa4 46. c5 bxc5+ 47. Kxa5 Bxb3 48. Rxb3 Rd2 49. Rf3 Rb2 50. Rf4 f6 51. Ka4 f5 52. Ka3 Rd2 53. Kb3 Kg5 54. g3 h5 55. h4+ Kf6 56. Kc4 Rc2+ 57. Kd3 Rc1 58. Kd2 Rb1 59. Rc4 Rb2+ 60. Ke3 Rb3+ 61. Ke2 Rb5 62. Rf4 Rb2+ 63. Kd3 Rb4 64. Kc3 Rxf4 65. gxf4 Ke6 66. Kc4 Kd6 67. f3 Kc6 68. Kc3 Kd7 69. Kc2 Ke6 70. Kd3 Kd6 71. Kc3 Kd5 72. Kd3 c4+ 73. Kc3 Kc5 74. Kc2 Kd4 75. Kd2 c3+ 76. Kc2 Ke3 77. Kxc3 0-1

[Event "Sousse BICA U16 op 1st"]
[Site "Sousse"]
[Date "2021.12.20"]
[Round "4"]
[White "Najjar, Seifeddine"]
[Black "Mrizek, Omar"]
[Result "1-0"]
[WhiteElo "1620"]
[BlackElo "1276"]
[PlyCount "119"]
[EventDate "2021.12.18"]
[EventType "swiss"]
[EventRounds "9"]
[EventCountry "TUN"]
[SourceTitle "CBM 205 Extra"]
[Source "ChessBase"]
[SourceDate "2022.01.31"]
[SourceVersion "1"]
[SourceVersionDate "2022.01.31"]
[SourceQuality "1"]

1. c4 e6 2. g3 g6 3. Bg2 Bg7 4. Nc3 c5 5. e4 Nc6 6. Nge2 Nge7 7. f4 d6 8. d3 Nd4 9. Be3 Nec6 10. a3 Bd7 11. Rb1 a5 12. 0-0 0-0 13. g4 f5 14. h3 Be8 15. Ng3 Rb8 16. a4 Ne7 17. g5 Bf7 18. Qd2 Qd7 19. Rfd1 Nec6 20. Nb5 b6 21. Qf2 Rbd8 22. Ne2 e5 23. Nbc3 Be6 24. h4 fxe4 25. Bxe4 Bg4 26. Bxc6 Qxc6 27. Bxd4 cxd4 28. Nd5 Kh8 29. Rf1 Rf7 30. Qg2 Bf5 31. Rbd1 Re8 32. Ng3 Bg4 33. Rde1 Ref8 34. Ne4 Bf5 35. b3 exf4 36. Rxf4 Be5 37. Rff1 Qc8 38. Qf3 Bh3 39. Nef6 Bxf1 40. Rxf1 Qd8 41. Kg2 Kg7 42. h5 Qa8 43. hxg6 hxg6 44. Rh1 Rh8 45. Rf1 Rh2+ 46. Kg1 Qb7 47. Ne8+ Kf8 48. Nef6 Rb2 49. Qh3 Rh2 50. Qf3 Qc6 51. Qg4 Kg7 52. Qe6 Qb7 53. Ne8+ Kf8 54. Nef6 Qc6 55. Nd7+ Qxd7 56. Qxd7 Rh1+ 57. Kxh1 Rxf1+ 58. Kg2 Rf7 59. Qe6 Kg7 60. Ne7 1-0